header

BUSINESS MARKETING MANAGEMENT (Record no. 252443)

MARC details
000 -LEADER
fixed length control field 00499nam a22001697a 4500
003 - CONTROL NUMBER IDENTIFIER
control field OSt
005 - DATE AND TIME OF LATEST TRANSACTION
control field 20160218115332.0
008 - FIXED-LENGTH DATA ELEMENTS--GENERAL INFORMATION
fixed length control field 160218b xxu||||| |||| 00| 0 eng d
020 ## - INTERNATIONAL STANDARD BOOK NUMBER
International Standard Book Number 0131053965
040 ## - CATALOGING SOURCE
Transcribing agency Rongo University
050 ## - LIBRARY OF CONGRESS CALL NUMBER
Classification number HF5415.13 .E26 1990
100 ## - MAIN ENTRY--PERSONAL NAME
Personal name ECKLES ROBERT W
245 ## - TITLE STATEMENT
Title BUSINESS MARKETING MANAGEMENT
Remainder of title marketing of business products and services
260 ## - PUBLICATION, DISTRIBUTION, ETC. (IMPRINT)
Place of publication, distribution, etc ENGLEWOOD CLIFFS,NEW JERSY
Name of publisher, distributor, etc PRENTICE HALL
Date of publication, distribution, etc 1990
300 ## - PHYSICAL DESCRIPTION
Extent xxiv,448p
Other physical details ill
Dimensions 24cm
942 ## - ADDED ENTRY ELEMENTS (KOHA)
Source of classification or shelving scheme Library of Congress Classification
Koha item type Long Loan Books
Holdings
Withdrawn status Lost status Source of classification or shelving scheme Damaged status Not for loan Collection code Home library Current library Shelving location Date acquired Total Checkouts Full call number Barcode Date last seen Date checked out Price effective from Koha item type
    Library of Congress Classification     Non-fiction Rongo University Library Rongo University Library General Stacks 18/02/2016 1 HF5415.13 .E26 1990 20169922 18/11/2019 04/11/2019 18/02/2016 Long Loan Books

© 2026 Rongo University
Contact us: librarian | system librarian | Rongo university